| 000 | 01043nam a22003017a 4500 | ||
|---|---|---|---|
| 001 | 5165 | ||
| 003 | FISKH | ||
| 005 | 20241108115336.0 | ||
| 008 | 241108b cb ||||| |||| 00| 0 eng d | ||
| 020 | _a9781442435384 | ||
| 040 |
_aFISKH _beng _cFISKH _dFISKH |
||
| 050 | _aPZ7.H267447 | ||
| 082 | _a415 | ||
| 100 |
_aHarvey, Alex _d(1935-1982) |
||
| 245 |
_aReady to go! / _cadapted by Alex Harvey based on the screenplay " Vocaciones!" by Brian J. Bromberg illustrated by Art Mawhinney |
||
| 250 | _aFirst edition in 2012 | ||
| 260 |
_aNew York : _bScholastic, _c23 cm |
||
| 300 |
_a22 pages : _bColor illustrations ; _c23 cm |
||
| 505 | _aL | ||
| 520 | _aDora and Diego prepare to go on a camping trip by getting sleeping bags, flashlights, and binoculars, but when Swiper steals their campfire snacks, they have to find them. | ||
| 521 | 8 |
_a520L
_bLexile |
|
| 521 | 8 |
_aL
_bRaz-Plus |
|
| 650 |
_2Camping _aTrip |
||
| 650 |
_2Fiction _aFind |
||
| 700 |
_aMawhinney, Art _dIllustrator |
||
| 942 |
_2ddc _cBK _n0 |
||
| 999 |
_c5165 _d5165 |
||